Statistics for Countries of the World A-Z

Click here to take the quiz!

General Stats

  • This quiz has been taken 93 times
  • The average score is 23 of 24

Answer Stats

HintAnswer% Correct
CCôte d'Ivoire / Cape Verde / Cambodia / Cameroon / Canada / Central African Republic / Chad / Chile / China / Colombia / Comoros / Costa Rica / Croatia / Cuba / Cyprus / Czech Republic
100%
FFiji / Finland / France / Federated States of Micronesia
100%
GGabon / Gambia / Georgia / Germany / Ghana / Greece / Grenada / Guatemala / Guinea / Guinea-Bissau / Guyana
100%
JJamaica / Japan / Jordan
100%
NNamibia / Nauru / Nepal / Netherlands / New Zealand / Nicaragua / Niger / Nigeria / North Korea / North Macedonia / Norway
100%
PPakistan / Palau / Panama / Papua New Guinea / Paraguay / Peru / Philippines / Poland / Portugal
100%
AAfghanistan / Angola / Albania / Algeria / Andorra / Antigua & Barbuda / Argentina / Armenia / Australia / Austria / Azerbaijan
99%
EEcuador / Egypt / El Salvador / Equatorial Guinea / Eritrea / Estonia / Eswatini / Ethiopia
99%
HHaiti / Holy See / Honduras / Hungary
99%
IIceland / India / Indonesia / Iran / Iraq / Ireland / Israel / Italy
99%
MMadagascar / Malawi / Malaysia / Maldives / Mali / Malta / Marshall Islands / Mauritania / Mauritius / Mexico / Moldova / Monaco / Mongolia / Montenegro / Morocco / Mozambique / Myanmar
99%
SSaint Kitts & Nevis / Saint Lucia / Saint Vincent & the Grenadines / Samoa / San Marino / São Tomé and Príncipe / Saudi Arabia / Senegal / Serbia / Seychelles / Sierra Leone / Singapore / Slovakia / Slovenia / Solomon Islands / Somalia / South Africa / South Korea / South Sudan / Spain / Sri Lanka / Sudan / Suriname / Sweden / Switzerland / Syria
99%
TTajikistan / Tanzania / Thailand / Timor-Leste / Togo / Tonga / Trinidad & Tobago / Tunisia / Turkey / Turkmenistan / Tuvalu
99%
UUganda / United Arab Emirates / United Kingdom / United States of America / Uruguay / Uzbekistan
99%
BBahamas / Bahrain / Bangladesh / Barbados / Belarus / Belgium / Belize / Benin / Bhutan / Bolivia / Bosnia & Herzegovina / Botswana / Brazil / Brunei / Bulgaria / Burkina Faso / Burundi
98%
DDemocratic Republic of Congo / Denmark / Djibouti / Dominica / Dominican Republic
98%
RRomania / Russia / Rwanda / Republic of Congo
98%
LLaos / Latvia / Lebanon / Lesotho / Liberia / Libya / Liechtenstein / Lithuania / Luxembourg
96%
OOman
96%
VVanuatu / Venezuela / Vietnam
95%
YYemen
95%
KKazakhstan / Kenya / Kiribati / Kuwait / Kyrgyzstan
94%
QQatar
94%
ZZambia / Zimbabwe
93%

Score Distribution

Percentile by Number Answered

Percent of People with Each Score

Your Score History

You have not taken this quiz